000 00827cam a22002651 4500
001 ca 34000193
003 DLC
005 20260227111130.0
008 791102s1934 dcu b 000 0 eng
010 _aca 34000193
035 _a(OCoLC)5636436
040 _aDLC
_cOCl
_dDLC
042 _apremarc
050 0 0 _aHG153
_b.R5
082 _a332.0973
100 1 _aRiefler, Dorothy Brown
_cMrs.
245 1 0 _aMoney, credit, and banking in the United States,
_cby Dr. Dorothy Brown Riefler.
260 _aWashington, D.C.,
_bAmerican association of university women,
_cc1934.
300 _a3 p. l., 2-60 numb. l.
_c28 cm.
500 _aLoose-leaf; mimeographed.
500 _aIncludes bibliographies.
650 0 _aMoney
_zUnited States.
650 0 _aCredit
_zUnited States.
650 0 _aBanks and banking
_zUnited States.
999 _c17244
_d17244